000 00498nam a2200181Ia 4500
005 20250423095716.0
008 250422s9999 xx 000 0 und d
020 _a9788123908601
050 _aHF 5548.8 .B58/
100 _aBlum, Milton L.
245 0 _aIndustrial psychology: its theoretical and social foundations
260 _aNew Delhi, India
260 _bCBS Publishers & Distributors Pvt Ltd
260 _c2004
300 _a631 p
650 _aPsychology, Industrial.
942 _cBK
999 _c31092
_d31092